| 000 | 00407nam a2200169Ia 4500 | ||
|---|---|---|---|
| 008 | 230524s9999 xx 000 0 und d | ||
| 082 |
_a4.378 _bPRO |
||
| 100 | _aJohn G.Proakis | ||
| 245 | 0 | _a"Digital Communications," | |
| 250 | _a5TH | ||
| 260 |
_aNEW YORK _bMGH _c2008 |
||
| 300 | _aXVIII;1150 | ||
| 500 | _aQuantity Number: 120 | ||
| 650 | _aElectronics | ||
| 700 | _a Masoud Salehi | ||
| 942 | _cBK | ||
| 999 |
_c49003 _d49003 |
||